[Event "Challenge"]
[Site "http://www.queenalice.com/game.php?id=1166056"]
[Date "2013.3.30"]
[Round "-"]
[White "TomasBlack"]
[Black "alessandrop"]
[Result "0-1"]
[WhiteElo "1622"]
[BlackElo "1100"]

1. e4 e5 2. Nf3 f6 3. Bc4 Nh6 4. d4 c5 5. dxc5 Bxc5 6. Bxh6 gxh6 7. Qd5 Qe7 8.
O-O d6 9. Rd1 Bg4 10. Bb5+ Kd8 11. a3 Rg8 12. Rd3 Rg7 13. b4 Bd4 14. c3 a6 15.
Bc4 Nd7 16. Qxb7 Rb8 17. Qxa6 Bxf3 18. Rxf3 f5 19. cxd4 exd4 20. exf5 Qg5 21.
Rg3 Qc1+ 22. Bf1 Re7 23. f6 Rb6 24. Qa5 Re1 25. Qxb6+ Nxb6 26. Rg8+ Kc7 27. Rc8+
Nxc8 28. Nc3 Rxf1# 0-1

[Event "Challenge"]
[Site "http://www.queenalice.com/game.php?id=1166058"]
[Date "2013.3.30"]
[Round "-"]
[White "TomasBlack"]
[Black "alessandrop"]
[Result "0-1"]
[WhiteElo "1622"]
[BlackElo "1100"]

1. d4 Nf6 2. f3 Nc6 3. Be3 e5 4. c3 Na5 5. Nd2 d6 6. Qa4+ Nc6 7. Bf2 b5 8. Qxb5
Qd7 9. e4 Ba6 10. Qa4 Bxf1 11. Nxf1 exd4 12. cxd4 d5 13. e5 Nh5 14. g4 Nf4 15.
Ne3 Nd3+ 16. Ke2 Nxb2 17. Qb3 Nxd4+ 18. Ke1 Nxb3 19. Rb1 Nd3+ 20. Ke2 Qb5 21.
Nh3 Nf4+ 22. Ke1 Qe2# 0-1

[Event "Challenge2"]
[Site "http://www.queenalice.com/game.php?id=1178426"]
[Date "2013.5.4"]
[Round "-"]
[White "huffao"]
[Black "alessandrop"]
[Result "0-1"]
[WhiteElo "1402"]
[BlackElo "1100"]

1. Nf3 e6 2. h4 Bb4 3. a3 Bd6 4. Nc3 Nc6 5. Nb5 Qf6 6. a4 Nh6 7. g3 b6 8. Bh3
Ba6 9. Nc3 O-O-O 10. Ne4 Qg6 11. Nc3 Rde8 12. Ra3 Nb4 13. Nd4 e5 14. Nf3 Nxc2+
15. Kf1 Nb4 16. a5 e4 17. Nh2 f5 18. Ra4 f4 19. Qb3 fxg3 20. Rxb4 gxh2 21. d3
exd3 22. Nb5 dxe2+ 23. Ke1 Qb1 24. Kd2 c5 25. Nxd6+ Kd8 26. Ra4 Qg6 27. Nc4 b5
28. Ne3 bxa4 29. Qxa4 Re4 30. Qb3 Rxh4 31. Qb8+ Bc8 32. Bg2 Rf8 33. b3 Qb1 34.
Nc4 Rxf2 35. Bb7 Qxb3 36. Qxc8+ Ke7 37. Ne5 Rd4+ 38. Ke1 Qe6 39. Kxf2 Qxe5 40.
Re1 Nf5 41. Rxe2 Rf4+ 42. Ke1 Re4 43. Bxe4 Ng3 44. Re3 Nxe4 45. Rxe4 Qxe4+ 46.
Kd1 h1=Q+ 47. Kd2 Qhe1# 0-1

[Event "Challenge"]
[Site "http://www.queenalice.com/game.php?id=1199695"]
[Date "2013.7.13"]
[Round "-"]
[White "leandro10"]
[Black "alessandrop"]
[Result "1-0"]
[WhiteElo "1369"]
[BlackElo "1172"]

1. e4 Nc6 2. Bb5 e5 3. Bxc6 dxc6 4. Nf3 f6 5. Nc3 Nh6 6. d3 b5 7. Bxh6 gxh6 8.
Nh4 Rg8 9. Qh5+ Ke7 10. O-O-O Rg5 11. Qf3 Rg4 12. Nf5+ Ke6 13. Qxg4 h5 14. Qxh5
b4 15. Na4 Be7 16. Qxh7 Rb8 17. Rhf1 Rb5 18. d4 exd4 19. Rxd4 Ke5 20. Rxd8 Bxd8
21. Ng7 Ra5 22. Qh5+ f5 23. Qe8+ Kf6 24. Nh5+ Kg5 25. f4+ Kh6 26. b3 fxe4 27. h3
Rxh5 28. Qxd8 Ba6 29. Qf8+ Kg6 30. f5+ Kg5 31. Qg7+ Kh4 32. Rf4# 1-0

[Event "Challenge"]
[Site "http://www.queenalice.com/game.php?id=1200301"]
[Date "2013.7.16"]
[Round "-"]
[White "gislibjo"]
[Black "alessandrop"]
[Result "1-0"]
[WhiteElo "1304"]
[BlackElo "1217"]

1. e4 e5 2. Nf3 d6 3. h3 Nf6 4. Nc3 Nc6 5. Bb5 Qd7 6. d4 a6 7. Ba4 b5 8. Bb3 d5
9. dxe5 Nxe4 10. Nxd5 f6 11. e6 Qxe6 12. Nxc7+ Ke7 13. Nxe6 Bxe6 14. Bxe6 Kxe6
15. O-O Rd8 16. Qe2 f5 17. Re1 Nb4 18. Ng5+ Kf6 19. Nxe4+ fxe4 20. Qxe4 g5 21.
Qe5+ Kg6 22. Qxg5+ Kf7 23. Qxd8 Nxc2 24. Re4 Nxa1 25. Qd7+ Kg6 26. Qe6+ Kg7 27.
Rg4# 1-0

[Event "Challenge"]
[Site "http://www.queenalice.com/game.php?id=1200927"]
[Date "2013.7.19"]
[Round "-"]
[White "alessandrop"]
[Black "serard1"]
[Result "1-0"]
[WhiteElo "1147"]
[BlackElo "1291"]

1. Nf3 e6 2. Nc3 c6 3. d4 g6 4. e4 Nf6 5. Bg5 h6 6. Bxf6 Qxf6 7. Ne5 d6 8. Ng4
Qg5 9. f4 Qxf4 10. h3 Qg3+ 11. Nf2 e5 12. Ne2 Qe3 13. dxe5 dxe5 14. Ng4 Be7 15.
Nxe3 O-O 16. Ng3 Bg5 17. Ng4 f5 18. Nxe5 Rf6 19. exf5 Bh4 20. Qd8+ Rf8 21. Qxh4
h5 22. fxg6 Kg7 23. Qxh5 Rh8 24. Nf5+ Kg8 25. Qg5 Bxf5 26. Qxf5 Kg7 27. Rd1 Na6
28. Rd7+ Kh6 29. Ng4# 1-0

[Event "Challenge"]
[Site "http://www.queenalice.com/game.php?id=1208913"]
[Date "2013.8.17"]
[Round "-"]
[White "alessandrop"]
[Black "TomasBlack"]
[Result "0-1"]
[WhiteElo "1226"]
[BlackElo "1714"]

1. Nf3 d5 2. d4 Nc6 3. Nc3 Bf5 4. e3 f6 5. Bb5 Qd7 6. Bxc6 Qxc6 7. Nh4 Qe6 8.
Nb5 Qd7 9. Qh5+ g6 10. Qf3 Bg4 11. Qf4 O-O-O 12. Nxa7+ Kb8 13. h3 g5 14. Qxg4
Qxg4 15. hxg4 gxh4 16. Nb5 c6 17. Nc3 h3 18. gxh3 Nh6 19. e4 e6 20. exd5 exd5
21. O-O Bg7 22. Re1 Rhe8 23. Bf4+ Kc8 24. b4 f5 25. g5 Bxd4 26. Bd2 Nf7 27. h4
Ne5 28. Kg2 Ng4 29. Rf1 h6 30. Rab1 hxg5 31. hxg5 Rh8 32. f3 Rh2+ 33. Kg3 Be5+
34. Bf4 Bxc3 35. fxg4 Rxc2 36. Rbc1 Rxc1 37. Bxc1 Be5+ 38. Bf4 Bxf4+ 39. Rxf4
fxg4 40. Kxg4 d4 41. a4 d3 42. Rf1 Rd4+ 43. Rf4 Rxf4+ 44. Kxf4 d2 45. b5 d1=Q
0-1

[Event "PRODUCTION DOWN"]
[Site "http://www.queenalice.com/game.php?id=1260675"]
[Date "2014.2.28"]
[Round "-"]
[White "amgoncal"]
[Black "alessandrop"]
[Result "1-0"]
[WhiteElo "1100"]
[BlackElo "1220"]

1. d4 e6 2. Nf3 Nf6 3. h4 Bb4+ 4. Bd2 Nc6 5. c3 Ba5 6. a3 O-O 7. b4 Bb6 8. b5
Na5 9. Qc2 c5 10. Ng5 cxd4 11. Nxh7 Nxh7 12. h5 g6 13. hxg6 fxg6 14. Qxg6+ Kh8
15. Qxh7# 1-0

[Event "traidor-sanguinolento"]
[Site "http://www.queenalice.com/game.php?id=1282883"]
[Date "2014.5.20"]
[Round "-"]
[White "amgoncal"]
[Black "alessandrop"]
[Result "1-0"]
[WhiteElo "1132"]
[BlackElo "1212"]

1. d4 d5 2. f4 e6 3. e3 Nh6 4. Nf3 Ng4 5. h3 Nxe3 6. Qd3 Bb4+ 7. c3 Nc4 8. a3
Ba5 9. b3 Nd6 10. b4 Bb6 11. g4 O-O 12. Be3 Nc4 13. Bc1 Re8 14. Ng5 f6 15. Nf3
e5 16. f5 exd4+ 17. Kf2 dxc3+ 18. Nd4 Re3 19. Bxe3 Qe8 20. Nxc3 Nb2 21. Qb5 c6
22. Qe2 Bxd4 23. Bxd4 Bd7 24. Qxb2 g6 25. Bxf6 gxf5 26. g5 Na6 27. b5 cxb5 28.
Bxb5 Nc5 29. Qe2 Bxb5 30. Nxb5 Qg6 31. Nc7 Ne4+ 32. Ke3 Ng3 33. Qd3 Nxh1 34.
Rxh1 Rc8 35. Qxd5+ Kf8 36. h4 Rxc7 37. Qd8+ Qe8+ 38. Kf4 Rc8 39. Rd1 Rxd8 40.
Rxd8 Qxd8 41. Bxd8 Ke8 42. Bc7 a6 43. Kxf5 b5 44. g6 hxg6+ 45. Kxg6 Kf8 46. Be5
Kg8 47. h5 a5 48. h6 b4 49. axb4 axb4 50. h7+ Kf8 51. h8=Q+ Ke7 52. Qb8 Ke6 53.
Qd6# 1-0

[Event "Challenge"]
[Site "http://www.queenalice.com/game.php?id=1318449"]
[Date "2014.10.28"]
[Round "-"]
[White "gobblemate"]
[Black "alessandrop"]
[Result "0-1"]
[WhiteElo "1038"]
[BlackElo "1240"]

1. d4 d5 2. Nf3 Bg4 3. c4 dxc4 4. Ne5 Be6 5. e3 f6 6. Qh5+ g6 7. Nxg6 hxg6 8.
Qxh8 Nc6 9. g4 Nb4 10. Na3 f5 11. gxf5 gxf5 12. Bxc4 Bxc4 13. Nxc4 Nc2+ 14. Ke2
Nxa1 15. Qh5+ Kd7 16. Qxf5+ e6 17. Qh7+ Be7 18. Bd2 Nf6 19. Qd3 Qh8 0-1

[Event "Challenge"]
[Site "http://www.queenalice.com/game.php?id=1318450"]
[Date "2014.10.28"]
[Round "-"]
[White "alessandrop"]
[Black "gobblemate"]
[Result "1-0"]
[WhiteElo "1250"]
[BlackElo "1038"]

1. e4 c5 2. Bc4 e6 3. Qf3 Qf6 4. d3 Nc6 5. c3 Bd6 6. Qh5 Ne5 7. Bg5 Qg6 8. g4
Qxh5 9. gxh5 Be7 10. Bxe7 Kxe7 11. Na3 h6 12. d4 Ng4 13. dxc5 N8f6 14. f3 Ne3
15. Bf1 Nxh5 16. Ke2 Nxf1 17. Rxf1 b6 18. cxb6 Ba6+ 19. c4 1-0